000 00694nam a2200181Ia 4500
008 100920s9999 xx 000 0 und d
082 _b102384
_a891.464 न 08
100 _aसंपा. भट्टाचार्य रिंकी.
245 _aजननी माता कन्या मातृत्व.
260 _bडायमंड पब्लिकेशन पुणे.
_c2008
300 _a176
_bसाधी
365 _b215
520 _aनिबंध.
630 _aजननी माता कन्या मातृत्व.
650 _aनिबंध.
730 _aजननी माता कन्या मातृत्व.
942 _cBOOK
999 _c742817
_d742814